LX pseaumes de David
Guardat en:
| Autor principal: | |
|---|---|
| Format: | Llibre |
| Idioma: | francès |
| Publicat: |
París
La Connaissnce
1926
|
| Edició: | 1a. ed |
| Col·lecció: | Exemplare Justifié, 38
|
| Matèries: | |
| Etiquetes: |
Afegir etiqueta
Sense etiquetes, Sigues el primer a etiquetar aquest registre!
|
MARC
| LEADER | 00000cam a2200000 a 4500 | ||
|---|---|---|---|
| 001 | UCD4665 | ||
| 003 | CL-VaPUC | ||
| 008 | 160713e19260000fr |||||||||||||||||fre|d | ||
| 082 | 0 | 4 | |a 223.2 |b DES |2 21 |
| 100 | 0 | |a Desportes, Philippe |e author |9 588399 | |
| 245 | 1 | 0 | |a LX pseaumes de David |
| 250 | |a 1a. ed | ||
| 300 | |a 169 p | ||
| 942 | |c BK | ||
| 945 | |d 20160713 20:53:00 |a arojas | ||
| 260 | |a París |b La Connaissnce |c 1926 | ||
| 600 | 0 | 7 | |a DAVID |2 CL-VaPUC |9 478379 |
| 650 | 0 | |a Salmos |9 319607 | |
| 583 | |a last modification |c 20160713 20:53:00 |k Rodrigo Vera | ||
| 490 | 0 | |a Exemplare Justifié, 38 | |
| 999 | |c 365535 |d 365533 | ||
| 952 | |0 0 |1 0 |3 erb |4 0 |6 223_200000000000000_DES_1926 |7 0 |8 A |9 479418 |a FDOHBE |b FDOHBE |e Huesbe Llanos, Marco Antonio, 1934- |i 5331110 |o 223.2 DES 1926 |p 5331110 |r 2024-01-30 |w 2019-11-24 |y BK |z Catalogado en:20160713 |k HBE | ||